| 000 | 00395nam a22001457a 4500 | ||
|---|---|---|---|
| 020 | _qHB. | ||
| 040 | _cFIZZA ISHAQ | ||
| 082 |
_a515 _bJAM |
||
| 100 |
_aSTEWART,JAMES. _9103056 |
||
| 245 |
_aENHANCE WEBASSIGN THE START SMART GUIDE FOR STUDENTS / _cJAMES STEWART. |
||
| 250 | _a7th ED. | ||
| 260 |
_aNEW YORK ; _bCENGAGE LEARNING, _c2003. |
||
| 300 |
_a1170 P. ; _c10.4X8.5IN |
||
| 942 |
_2ddc _cBK |
||
| 999 |
_c617131 _d617131 |
||